000
00203 a2200109 4500
020
_a
9788496544079
041
_a
spa
100
_a
Paolini, Christopher
245
_a
Eldest
942
_c
BK
999
_c
8351
_d
8351
999
_d
8351